David Lynch Movies - Statistics

General Stats
  • This quiz has been taken 320 times
  • The average score is 8 of 10
Answer Stats
Release Year Answer % Correct
2001 Mulholland Drive
94%
1986 Blue Velvet
93%
1980 The Elephant Man
92%
1977 Eraserhead
91%
1997 Lost Highway
80%
1984 Dune
79%
1992 Twin Peaks: Fire Walk with Me
79%
2006 Inland Empire
78%
1990 Wild at Heart
72%
1999 The Straight Story
64%
No matching quizzes found
Score Distribution
Percent of People with Each Score
Percentile by Number Answered
Your Score History
You have not taken this quiz